| 000 | 00592nam a2200181 a 4500 | ||
|---|---|---|---|
| 005 | 20260410154213.0 | ||
| 008 | 260217s2026##################000#0#eng## | ||
| 020 |
_a9780521803618 _qhbk |
||
| 041 | _aEng | ||
| 082 | 0 | 4 | _a330.015195 ZEL |
| 100 | _aZellener,Arnold | ||
| 245 | 1 | 0 |
_aSimplicity, Inference and Modelling: Keeping it Sophisticatedly Simple. _c\edited by Arnold Zellner, Hugo A. Keuzenkamp and Michael McAleer. |
| 250 | _a1st ed | ||
| 260 |
_aUnited Kindom: _bCambridge University Press, _c2001. |
||
| 300 |
_aix,302p. _c23cm |
||
| 650 | _aEconomics | ||
| 942 | _cENGLISH | ||
| 999 |
_c612790 _d612790 |
||